Name a Valid Dependent Territory - Statistics

General Stats
  • This quiz has been taken 107 times
  • The average score is 12 of 18
Answer Stats
Name an inhabited dependent territory ... Answer % Correct
that is in or touches the Caribbean Sea Anguilla | Aruba | British Virgin Islands | Cayman Islands | Curaçao | Montserrat | Puerto Rico | Saint Barthélemy | Saint Martin | Sint Maarten | U.S. Virgin Islands
94%
in Europe Åland Islands | Faroe Islands | Gibraltar | Guernsey | Isle of Man | Jersey | Svalbard
88%
in Polynesia (according to this map) American Samoa | Cook Islands | French Polynesia | Niue | Pitcairn Islands | Tokelau | Wallis and Futuna
88%
in the Atlantic Ocean south of the Equator Falkland Islands | Saint Helena, Ascension and Tristan da Cunha
88%
in Asia Akrotiri and Dekhelia | Christmas Island | Cocos (Keeling) Islands | Hong Kong | Macau
86%
that is in or touches the Atlantic Ocean north of the Equator, is west of the Mid-Atlantic Ridge, and does not touch the Caribbean Sea Bermuda | Greenland | Saint Pierre and Miquelon | Turks and Caicos Islands
79%
in Oceania but not in Polynesia Guam | New Caledonia | Norfolk Island | Northern Mariana Islands
79%
with an area greater than 100,000 square kilometers Greenland
76%
with a population greater than 1,000,000 Hong Kong | Puerto Rico
66%
with a population greater than 100,000 but less than 1,000,000 Aruba | Curaçao | French Polynesia | Guam | Jersey | Macau | New Caledonia | U.S. Virgin Islands
58%
with an area greater than 1,000 but less than 10,000 square kilometers Åland Islands | Faroe Islands | French Polynesia | Hong Kong | Puerto Rico
56%
with an area greater than 10,000 but less than 100,000 square kilometers Falkland Islands | New Caledonia | Svalbard
54%
that is not entirely located on an island or islands Gibraltar | Hong Kong | Macau
54%
that extends north of 70°N, other than Greenland Svalbard
54%
with an area less than 50 square kilometers Cocos (Keeling) Islands | Gibraltar | Norfolk Island | Pitcairn Islands | Saint Barthélemy | Sint Maarten | Tokelau
53%
with a population less than 1,000 Cocos (Keeling) Islands | Pitcairn Islands
48%
with a large percentage of residents descended from the Bounty mutineers and their Tahitian companions Norfolk Island | Pitcairn Islands
43%
with a maximum elevation over 2,000 meters French Polynesia | Greenland | Saint Helena, Ascension and Tristan da Cunha
38%
No matching quizzes found
Score Distribution
Percent of People with Each Score
Percentile by Number Answered
Your Score History
You have not taken this quiz